LEADER 01148nam a2200229 i 4500 001 000000144183 003 CaOOAMICUS 005 20180521000000.0 008 180521n it s u000 u ita u 013 $a119541 040 $aSeMil$bita 245 13$aIl padre che sorride :$brecital tratto dalle lettere di Padre Clemente Vismara. Ideato, realizzato e interpretato dal gruppo giovani degli oratori di Agrate, Omate e Caponago /$cRegia : Stefania Galizioli. 260 $a[s.l.] :$bCdB Video 300 $a1 DVD ;$c19 cm. 500 $aLOCAZIONE : UFFICIO. 650 4$aVismara, Clemente .$0(OLS)http://semarc/subject/8230 700 1 $aGalizioli, Stefania.$0(OLS)http://semarc/name/93498 850 $aSeMil 852 $aSeMil$W1$xVenegono$y1$mDVD/9$j97133$B97133$CSeMilBibl$Z2$F105187 $85 961 $aRecupero: Altro 996 $6245$aIl padre che sorride :$brecital tratto dalle lettere di Padre Clemente Vismara. Ideato, realizzato e interpretato dal gruppo giovani degli oratori di Agrate, Omate e Caponago$9(OLS)http://semarc/title/408626 996 $6260$a[s.l.] :$bCdB Video$9(OLS)http://semarc/publisher/57294 LEADER 01641nam a2200337 i 4500 001 000000128611 003 CaOOAMICUS 005 20040729000000.0 008 040729s2004 be u000 u eng u 013 $a101338 020 $a90-5867-363-4 020 $a90-429-1419-X 040 $aSeMil$bita 100 1 $aMenken, Maarten J. J. <1948-2016>.$0(OLS)http://semarc/name/53477 245 10$aMatthew's Bible :$bthe Old Testament text of the Evangelist /$cBy Maarten J.J. Menken. 260 $aLeuven [etc] :$bUitgeverij Peeters,$c2004. 260 $aLeuven :$bUniversity Press,$c2004. 300 $aX, 336,8 p. ;$c25 cm. 490 0 $aBibliotheca Ephemeridum Theologicarum Lovaniensium ;$v173. 500 $aContiene : Bibliography. 650 4$aBibbia. Nuovo Testamento. Vangelo secondo Matteo - Commentari, studi, critica, interpretazioni.$0(OLS)http://semarc/subject/32 650 4$aBibbia - NT - Matteo - [Relazione con] AT.$0(OLS)http://semarc/subject/25409 830 0$aBibliotheca Ephemeridum Theologicarum Lovaniensium ;$v173.$0(OLS)http://semarc/title/108 850 $aSeMil 852 $aSeMil$W1$xVenegono$y1$m2IA A 173$j82833$B82833$CSeMilBibl$Z2$F85464 $81 961 $aSottoscrizione: Glossa 996 $6020$a90-5867-363-4$9(OLS)http://semarc/number/115253 996 $6020$a90-429-1419-X$9(OLS)http://semarc/number/115254 996 $6245$aMatthew's Bible :$bthe Old Testament text of the Evangelist$9(OLS)http://semarc/title/190117 996 $6260$aLeuven :$bUniversity Press$9(OLS)http://semarc/publisher/30124 996 $6260$aLeuven [etc] :$bUitgeverij Peeters$9(OLS)http://semarc/publisher/33422